Borderline (Record no. 118946)

MARC details
000 -LEADER
fixed length control field 00535cas a22001935a 4500
001 - CONTROL NUMBER
control field L138075
008 - FIXED-LENGTH DATA ELEMENTS--GENERAL INFORMATION
fixed length control field 070515c20012001xxkqr p 0 a0eng u
035 ## - SYSTEM CONTROL NUMBER
System control number (Sirsi) u138075
041 0# - LANGUAGE CODE
Language code of text/sound track or separate title eng
110 2# - MAIN ENTRY--CORPORATE NAME
Corporate name or jurisdiction name as entry element Royal Institution of Chartered Surveyors
Subordinate unit Hereford, Shropshire and Montgomeryshire Branch
9 (RLIN) 5194
245 00 - TITLE STATEMENT
Title Borderline
260 ## - PUBLICATION, DISTRIBUTION, ETC.
Place of publication, distribution, etc. S.l.
Name of publisher, distributor, etc. RICS
Date of publication, distribution, etc. [198?]-2001
362 0# - DATES OF PUBLICATION AND/OR SEQUENTIAL DESIGNATION
Dates of publication and/or sequential designation 17(1) August 1993-Summer 2001
554 ## -
-- Quarterly
651 #4 - SUBJECT ADDED ENTRY--GEOGRAPHIC NAME
Geographic name SHROPSHIRE
651 #4 - SUBJECT ADDED ENTRY--GEOGRAPHIC NAME
Geographic name MONTGOMERYSHIRE
651 #4 - SUBJECT ADDED ENTRY--GEOGRAPHIC NAME
Geographic name HEREFORD
942 ## - ADDED ENTRY ELEMENTS (KOHA)
Suppress in OPAC 0
Holdings
Withdrawn status Lost status Source of classification or shelving scheme Damaged status Not for loan Home library Current library Shelving location Date acquired Total Checkouts Full call number Barcode Date last seen Price effective from Koha item type
    Dewey Decimal Classification     London London Basement 15/05/2007   BORDERLINE 138075-1001 06/08/2019 06/08/2019 Journal